Famous Bridges image quiz - Statistics

General Stats
  • This quiz has been taken 59 times
  • The average score is 5 of 16
Answer Stats
Picture Answer % Correct
Golden Gate Bridge
96%
Tower Bridge
89%
Brooklyn Bridge
76%
Sydney Harbour Bridge
46%
Bridge of Sighs
37%
Rialto Bridge
33%
Ponte Vecchio
30%
Millau Viaduct
22%
Øresund Bridge
20%
Tacoma Narrows Bridge
15%
The Iron Bridge
13%
Pont du Gard
11%
Dragon Bridge
6%
Si-o-se-pol
4%
Duge Bridge
2%
Danyang-Kunshan grand bridge
0%
No matching quizzes found
Score Distribution
Percent of People with Each Score
Percentile by Number Answered
Your Score History
You have not taken this quiz